UK monthly marketview (Record no. 113916)

MARC details
000 -LEADER
fixed length control field 01161cad a22002175a 4500
001 - CONTROL NUMBER
control field L155915
008 - FIXED-LENGTH DATA ELEMENTS--GENERAL INFORMATION
fixed length control field 120420s2012 xxkad f s 000 0 eng d
035 ## - SYSTEM CONTROL NUMBER
System control number (Sirsi) u155915
041 0# - LANGUAGE CODE
Language code of text/sound track or separate title eng
110 2# - MAIN ENTRY--CORPORATE NAME
Corporate name or jurisdiction name as entry element CB Richard Ellis
9 (RLIN) 3675
245 00 - TITLE STATEMENT
Title UK monthly marketview
Remainder of title April 2012
Medium [electronic resource]
260 ## - PUBLICATION, DISTRIBUTION, ETC.
Place of publication, distribution, etc. London
Name of publisher, distributor, etc. CBRE
Date of publication, distribution, etc. 2012
490 #0 - SERIES STATEMENT
Series statement CBRE UK Monthly Index Marketview
Volume/sequential designation April 2012
520 ## - SUMMARY, ETC.
Summary, etc. All Property total returns were 0.1% in March with capital values down by 0.4% aside from Central London offices which continued to outperform the wider market. All Property rental values saw no overall movement in March as in February. Over Q1 2012 industrials performed the strongest with total returns of 1.1%. Equivalent yields moved out by two basis points in March. Of the three asset classes equities returned 6.1%, gilts and property trailing on 1.5 % and 0.5% respectively.
590 ## - LOCAL NOTE (RLIN)
Local note KA NTK
650 24 - SUBJECT ADDED ENTRY--TOPICAL TERM
Topical term or geographic name entry element CBRE UK MONTHLY INDEX MARKETVIEW
651 #4 - SUBJECT ADDED ENTRY--GEOGRAPHIC NAME
Geographic name United Kingdom
690 ## - LOCAL SUBJECT ADDED ENTRY--TOPICAL TERM (OCLC, RLIN)
Topical term or geographic name as entry element Commercial property
9 (RLIN) 6227
856 40 - ELECTRONIC LOCATION AND ACCESS
Uniform Resource Identifier <a href="https://www.cbre.co.uk/portal/page/portal/uk_en/research">https://www.cbre.co.uk/portal/page/portal/uk_en/research</a>
Public note View the report at www.cbre.co.uk
942 ## - ADDED ENTRY ELEMENTS (KOHA)
Suppress in OPAC 0
Holdings
Withdrawn status Lost status Source of classification or shelving scheme Damaged status Not for loan Home library Current library Shelving location Date acquired Total Checkouts Full call number Barcode Date last seen Copy number Price effective from Koha item type
    Dewey Decimal Classification     Virtual Virtual Online 20/04/2012   ONLINE PUBLICATION 155915-2001 06/08/2019 1 06/08/2019 Book